Introductory nuclear physics / (Record no. 3720)
[ view plain ]
| 000 -LEADER | |
|---|---|
| fixed length control field | 00619nam a2200217 4500 |
| 003 - CONTROL NUMBER IDENTIFIER | |
| control field | OSt |
| 005 - DATE AND TIME OF LATEST TRANSACTION | |
| control field | 20160425130806.0 |
| 008 - FIXED-LENGTH DATA ELEMENTS--GENERAL INFORMATION | |
| fixed length control field | 160425b xxu||||| |||| 00| 0 eng d |
| 020 ## - INTERNATIONAL STANDARD BOOK NUMBER | |
| International Standard Book Number | 0198518978 |
| 040 ## - CATALOGING SOURCE | |
| Transcribing agency | 040a |
| 082 ## - DEWEY DECIMAL CLASSIFICATION NUMBER | |
| Classification number | 530 |
| Item number | HOD 1997 |
| 100 ## - MAIN ENTRY--PERSONAL NAME | |
| Personal name | Hodgson, P. E |
| 9 (RLIN) | 8222 |
| 245 ## - TITLE STATEMENT | |
| Title | Introductory nuclear physics / |
| Statement of responsibility, etc. | P. E Hodgson, E.Gadioli, E Gadioli Erba |
| 260 ## - PUBLICATION, DISTRIBUTION, ETC. (IMPRINT) | |
| Place of publication, distribution, etc. | Oxford |
| Name of publisher, distributor, etc. | Oxford science publications |
| Date of publication, distribution, etc. | 1997 |
| 300 ## - PHYSICAL DESCRIPTION | |
| Extent | xv, 723p; |
| Other physical details | ill : |
| Dimensions | 16 cm |
| 504 ## - BIBLIOGRAPHY, ETC. NOTE | |
| Bibliography, etc | Includes index |
| 650 ## - SUBJECT ADDED ENTRY--TOPICAL TERM | |
| Topical term or geographic name as entry element | Nuclear physics |
| 9 (RLIN) | 8014 |
| 700 ## - ADDED ENTRY--PERSONAL NAME | |
| Personal name | Gadioli, E |
| 9 (RLIN) | 8223 |
| 700 ## - ADDED ENTRY--PERSONAL NAME | |
| Personal name | Erba, E. Gadioli |
| 9 (RLIN) | 8224 |
| 942 ## - ADDED ENTRY ELEMENTS (KOHA) | |
| Source of classification or shelving scheme | Dewey Decimal Classification |
| Koha item type | Short Loan |
| Withdrawn status | Lost status | Source of classification or shelving scheme | Damaged status | Not for loan | Home library | Current library | Date acquired | Inventory number | Total Checkouts | Full call number | Barcode | Date last seen | Price effective from | Koha item type |
|---|---|---|---|---|---|---|---|---|---|---|---|---|---|---|
| Dewey Decimal Classification | MUST Main Library | MUST Main Library | 25/04/2016 | 2001/14891 | 530 HOD 1997 | 2016-1223 | 25/04/2016 | 25/04/2016 | Short Loan | |||||
| Dewey Decimal Classification | MUST Main Library | MUST Main Library | 26/04/2016 | 2001/15890 | 530 HOD 1997 | 2016-1389 | 26/04/2016 | 26/04/2016 | Short Loan |
